Repercusiones en América Latina de los cambios en Europa. Parte 1: relaciones América Latina-Europa /

Guardat en:
Dades bibliogràfiques
Autor principal: Ríos Barboza, Mayrand
Autor corporatiu: UNA. Escuela de Relaciones Internacionales, OEA
Altres autors: ed.
Format: Text
Publicat: Heredia: UNA
Etiquetes: Afegir etiqueta
Sense etiquetes, Sigues el primer a etiquetar aquest registre!

MARC

LEADER 00000 a a2200000 04500
001 25929
003
040
090 |a 174401  
100 |a Ríos Barboza, Mayrand  
110 |a UNA. Escuela de Relaciones Internacionales  
245 |a Repercusiones en América Latina de los cambios en Europa. Parte 1: relaciones América Latina-Europa /  |c UNA. Escuela de Relaciones Internacionales  
260 |a Heredia:   |b UNA  
300 |a 192 p.  
700 |a ed.  
710 |a OEA  
999 |c 9627  |d 9627